01246nac a22003617a 4500001001000000003000900010005001700019008003400036040005400070072001300124090001900137100001600156100001700172100002100189100001600210100002400226100001900250100002200269110004800291245012300339260003600462300000900498490007100507500002300578650001100601650001400612650001500626650001400641909004700655942001700702999001900719952014600738BR9801286BR-BrBNA20240105122113.0230509b bl.|||m| |||| 00| 0 por d aBR-BrBNAbporcBiblioteca Nacional de Agricultura aD50; F30 a1410 BR98012861 aWutke, E.B.1 aPinzan, N.R.1 aSannazzaro, A.M.1 aBerti, A.J.1 aOliveira, S.H.F. de1 aEichel, O.A.C.1 aYazbek Junior, W.1 aInstituto Agronomico, Campinas, SP (Brasil)1 aFeijao: regimento interno do sistema de avaliacao e recomendacao de cultivares de feijoeiro para o Estado de Sao Paulo3 aCampinas, SP (Brasil): c1997.  a7 p. aDocumentos - Instituto Agronomico (Brazil)vno. 57xISSN 0102-4477 aSummaries (En, Pt) aFeijao aVariedade aLegislacao aSao Paulo a202312bLúcia Elandec55dLúcia Elande 2AGRISn0cMS c289213d289213 002AGRIS40708Acervo Gerala41918b41918cAGROBASEl0o1410 BR9801286p1410 BR9801286r2023-12-18yMSePortaria Interministerial nº 164/94